000 00641nam a2200205Ia 4500
001 70562
003 OSt
005 20160418143955.0
008 160116s9999||||xx |||||||||||||| ||und||
020 _aNA
040 _cPK-LaUMT
082 _a954.2
_bJAR-
110 _aUniversity of Karachi
245 _a(جرین)Jaren (Urdu)
_c(یونیورسٹی آف کراچی)University of Karachi
260 _a(کراچی، پاکستان)Karachi,Pakistan:
_b(یونیورسٹی آف کراچی، )University of Karachi, Deptt. Applied Chemistry,
_c2006
501 _a6 vols
546 _aUR
650 _aLucknow-Uttar Pradesh
942 _cBK
_2ddc
999 _c81612
_d81612